Państwa Cesarstwa Rzymskiego - Statystyki

Ogólne statystyki
  • Ten quiz został rozwiązany 404 razy
    277 od ostatniego zresetowania
  • Średni wynik to 41 z 49
Statystyki odpowiedzi
Imperium Rzymskie % Poprawnych
Włochy
94%
Egipt
93%
Hiszpania
93%
Francja
92%
Niemcy
92%
Turcja
91%
Chorwacja
90%
Grecja
90%
Austria
89%
Belgia
89%
Wielka Brytania
89%
Algieria
88%
Holandia
88%
Maroko
88%
Portugalia
88%
Rumunia
88%
Szwajcaria
88%
Albania
87%
Czechy
87%
Liechtenstein
86%
Słowenia
86%
Bułgaria
85%
Izrael
85%
Serbia
85%
Watykan
85%
Kosowo
84%
Luksemburg
84%
San Marino
84%
Słowacja
84%
Andora
83%
Libia
83%
Czarnogóra
82%
Węgry
82%
Bośnia i Hercegowina
81%
Irak
81%
Iran
80%
Macedonia
80%
Tunezja
80%
Ukraina
80%
Monako
79%
Arabia Saudyjska
78%
Rosja
78%
Syria
77%
Malta
74%
Mołdawia
73%
Liban
72%
Cypr
70%
Jordania
69%
Kuwejt
50%
Nie znaleziono quizów pasujących do podanych kryteriów
Rozkład punktacji
Procent ludzi z każdym wynikiem
Percentyl według liczby udzielonych odpowiedzi
Twoja historia wyników
Nie rozwiązałeś tego quizu od ostatniego zresetowania